Μου μαθαίνετε να χαμογελάω, σας παρακαλώ;

Αποθηκεύτηκε σε:
Λεπτομέρειες βιβλιογραφικής εγγραφής
Κύριος συγγραφέας: Δικαίου, Ελένη
Μορφή: Βιβλίο
Γλώσσα:Greek
Δημοσίευση: Αθήνα : Πατάκης, 2003, c1992.
Έκδοση:[14η έκδ.].
Σειρά:Σύγχρονη λογοτεχνία για παιδιά και για νέους. Συλλογή Κύκνοι ; 11
Θέματα:
Ετικέτες: Προσθήκη ετικέτας
Δεν υπάρχουν, Καταχωρήστε ετικέτα πρώτοι!

MARC

LEADER 00000cam a2200000 i 4500
001 1/30221
008 130527r20031992gr | ||| |||| ||gre||
020 |a 9603601586 
035 |l 10114520 
040 |a GR-MyUA  |b gre  |e AACR2 
041 0 |a gre 
082 7 |a 808.0683   |2 (22) 
100 1 |a Δικαίου, Ελένη. 
245 1 0 |a Μου μαθαίνετε να χαμογελάω, σας παρακαλώ; /   |c Δικαίου Ελένη ; εξώφυλλο Γιάννης Λέκκος.  
250 |a [14η έκδ.].  
260 |a Αθήνα :   |b Πατάκης,   |c 2003, c1992.  
300 |a 182 σ. ;   |c 21 σ.  
490 1 |a (Σύγχρονη λογοτεχνία για παιδιά και για νέους / Συλλογή κύκνοι ;   |v 11) 
650 0 0 |a Young adult fiction. 
650 0 0 |a Young adult literature. 
830 0 |a Σύγχρονη λογοτεχνία για παιδιά και για νέους.   |p Συλλογή Κύκνοι ;  |v  11 
852 |a INST  |b SAMOS  |e 20130527  |h 808.0683 ΔΙΚ  |p 005300039906  |q 005300039906  |t BK  |y 0 
901 |a BIBL3-2013-2 
970 |a ΓΟΥΒΑΛΑ  |b ΒΑΣΩ  |z 2013/05/27